|
|
|
|
| LEADER |
00000cam a2200000 a 4500 |
| 001 |
vtls010284070 |
| 003 |
SK-MaSNL |
| 005 |
20260302011803.0 |
| 008 |
240315s2011 xo oa e p 000 0 slo |
| 015 |
|
|
|a SNBA2011/08-04580
|
| 020 |
|
|
|a 9788010020225
|q (brož.)
|
| 035 |
|
|
|a 98656B75-3D2B-421F-85BB-1C9B967F39CB
|
| 035 |
|
|
|a urn:nbn:sk:snk-amji0s
|
| 035 |
|
|
|a urn:nbn:sk:snk-am001yqg
|
| 040 |
|
|
|a SNK
|b slo
|c SNK
|e AACR2
|
| 041 |
0 |
|
|a slo
|
| 044 |
|
|
|a xo
|c SK
|
| 072 |
|
7 |
|a 82
|x Literatúra. Literárny život
|2 konspekt
|
| 080 |
|
|
|a 82:37.016
|2 2001
|
| 080 |
|
|
|a (075.3)
|2 2001
|
| 080 |
|
|
|a (075)028
|2 2001
|
| 100 |
1 |
|
|a Dvořák, Karel
|c (PaedDr., PhD.)
|4 aut
|9 265000
|
| 245 |
1 |
0 |
|a Čítanka pre 3. ročník gymnázia a stredných odborných škôl
|c Karel Dvořák
|
| 250 |
|
|
|a 1. vyd.
|
| 260 |
|
|
|a Bratislava
|b Slovenské pedagogické nakladateľstvo - Mladé letá
|c 2011
|
| 300 |
|
|
|a 208 s.
|b fotogr.
|c 24 cm
|
| 504 |
|
|
|a Bibliogr. s. 206-208. Vysvetl.
|
| 650 |
0 |
7 |
|a literárna výchova
|2 SNKPH
|9 1653
|
| 650 |
0 |
7 |
|a Literary education
|2 SNKPHeng
|9 274096
|
| 655 |
|
7 |
|a učebnice stredných škôl
|2 SNKPH
|9 69323
|
| 655 |
|
7 |
|a Textbooks (secondary)
|2 SNKPHeng
|9 276359
|
| 655 |
|
7 |
|a čítanky
|2 SNKPH
|9 60817
|
| 655 |
|
7 |
|a Readers
|2 SNKPHeng
|9 300493
|
| 852 |
|
|
|a Štátna vedecká knižnica v Banskej Bystrici
|
| 919 |
|
|
|a 978-80-10-02022-5
|
| 958 |
|
|
|a OND
|
| 958 |
|
|
|a NB
|
| 968 |
|
|
|d 821
|
| 999 |
|
|
|c 1007406
|d 1009336
|
| 952 |
|
|
|a SNK
|b SNK
|y PREZ
|7 0
|p 17A0705482
|o snkSC 145916
|i snk2011/14461
|8 0
|0 0
|1 0
|4 0
|d 2011-06-24
|l 0
|r 2025-07-15 00:00:00
|w 2026-02-24
|
| 952 |
|
|
|a SNK
|b SNK
|y VYP
|7 0
|p 17A0705483
|o snkSC 145916 D1
|i snk2011/14462
|8 0
|0 0
|1 0
|4 0
|d 2011-06-24
|f 1
|l 1
|r 2026-03-09 10:55:18
|s 2026-02-28
|w 2026-02-24
|